[Event "FIDE Olympiad Disabilties 2020"]
[Site "Online"]
[Date "2020.11.21"]
[Round "4.10"]
[White "Sanchez Ramirez, Hernan Anderson"]
[Black "Szalko, Maciej"]
[Result "1-0"]
[WhiteElo "1725"]
[BlackElo "1946"]
[Annotator "TA"]
[PlyCount "95"]
[EventDate "2020.11.21"]
[EventType "team-tourn"]
[EventCountry "NET"]
[SourceTitle "playchess.com"]
[Source "ChessBase"]
[SourceQuality "1"]
[WhiteTeam "Cuba"]
[BlackTeam "Poland"]
[WhiteTeamCountry "CUB"]
[BlackTeamCountry "POL"]

1. d4 Nf6 2. c4 g6 3. Nc3 d5 4. Nf3 Bg7 5. e3 O-O 6. cxd5 Nxd5 7. Bc4 Nxc3 8. bxc3 c5 9. O-O Qc7 10. Be2 Rd8 11. Bb2 Nc6 12. Qa4 e5 13. dxc5 Bd7 14. Qc2 Ne7 15. Ba3 Bc6 16. Rad1 h6 17. Nd2 f5 18. Nc4 Nd5 19. Nd6 Kh7 20. h4 e4 21. h5 Rf8 22. hxg6+ Kxg6 23. Bb2 Qa5 24. Qb3 Qxc5 25. c4 Nb6 26. Ba3 Qe5 27. Qb1 Rfd8 28. c5 Nd5 29. Qb3 Rd7 30. Bc4 Nf6 31. Be6 Kh7 32. Bxf5+ Kh8 33. Bxd7 Rf8 34. Bxc6 Ng4 35. f4 Qh5 36. Rf2 Qh2+ 37. Kf1 Qg3 38. Nxe4 Nh2+ 39. Ke1 Qh4 40. Bd7 Qe7 41. c6 Qxe4 42. Bxf8 Bxf8 43. c7 Bb4+ 44. Rdd2 Bxd2+ 45. Kxd2 Qe7 46. c8=Q+ Kg7 47. Qbg8+ Kf6 48. Qc3+ 1-0

[Event "FIDE Olympiad Disabilties 2020"]
[Site "Online"]
[Date "2020.11.21"]
[Round "4.10"]
[White "Lukasik, Zuzanna"]
[Black "Zabala, Fidel"]
[Result "1-0"]
[WhiteElo "1643"]
[BlackElo "1909"]
[Annotator "TA"]
[PlyCount "63"]
[EventDate "2020.11.21"]
[EventType "team-tourn"]
[EventCountry "NET"]
[SourceTitle "playchess.com"]
[Source "ChessBase"]
[SourceQuality "1"]
[WhiteTeam "Poland"]
[BlackTeam "Colombia"]
[WhiteTeamCountry "POL"]
[BlackTeamCountry "COL"]

1. e4 Nf6 2. e5 Nd5 3. c4 Nb6 4. c5 Nd5 5. d4 b6 6. cxb6 axb6 7. Nc3 Nxc3 8. bxc3 Bb7 9. Nf3 g6 10. Bb2 Bg7 11. g3 O-O 12. Bg2 d6 13. O-O dxe5 14. Nxe5 Bxg2 15. Kxg2 Rxa2 16. Qb3 Rxa1 17. Rxa1 c5 18. Rd1 cxd4 19. cxd4 e6 20. f3 Qd5 21. Qxd5 exd5 22. Nd3 Rc8 23. Rd2 Rc4 24. Ne5 Bxe5 25. dxe5 Nc6 26. f4 d4 27. Kf3 Kf8 28. Ke4 Ke8 29. Bxd4 h5 30. h3 Ke7 31. g4 hxg4 32. hxg4 1-0

[Event "FIDE Olympiad Disabilties 2020"]
[Site "Online"]
[Date "2020.11.21"]
[Round "4.11"]
[White "Mukha, Nikolay"]
[Black "Rosikhin, Igor"]
[Result "1-0"]
[WhiteElo "2163"]
[BlackElo "1832"]
[Annotator "RC"]
[PlyCount "55"]
[EventDate "2020.11.21"]
[EventType "team-tourn"]
[EventCountry "NET"]
[SourceTitle "playchess.com"]
[Source "ChessBase"]
[SourceQuality "1"]
[WhiteTeam "Ukraine"]
[BlackTeam "Belarus"]
[WhiteTeamCountry "UKR"]
[BlackTeamCountry "BLR"]

1. d4 g6 2. e4 Bg7 3. Nc3 c5 4. Nf3 cxd4 5. Nxd4 Nc6 6. Be3 Nf6 7. Be2 O-O 8. O-O d6 9. Kh1 Bd7 10. f4 Rc8 11. Bf3 b6 12. Qd2 Na5 13. b3 Ng4 14. Bxg4 Bxg4 15. Rac1 e5 16. Nde2 f5 17. exf5 gxf5 18. Nd5 Nc6 19. c4 Bxe2 20. Qxe2 e4 21. Rfd1 Qh4 22. Rc2 Rfe8 23. b4 Re6 24. Bf2 Qg4 25. Qxg4 fxg4 26. Be3 Rf8 27. a3 Rxf4 28. Nxf4 1-0

[Event "FIDE Olympiad Disabilties 2020"]
[Site "Online"]
[Date "2020.11.21"]
[Round "4.11"]
[White "Mikhalionak, Alena"]
[Black "Biryulin, Boris"]
[Result "0-1"]
[WhiteElo "1508"]
[BlackElo "1910"]
[Annotator "TA"]
[PlyCount "54"]
[EventDate "2020.11.21"]
[EventType "team-tourn"]
[EventCountry "NET"]
[SourceTitle "playchess.com"]
[Source "ChessBase"]
[SourceQuality "1"]
[WhiteTeam "Belarus"]
[BlackTeam "Ukraine"]
[WhiteTeamCountry "BLR"]
[BlackTeamCountry "UKR"]

1. d4 d5 2. c4 e6 3. Nc3 Nf6 4. cxd5 exd5 5. Bg5 Be7 6. e3 c6 7. Bd3 h6 8. Bh4 O-O 9. Nge2 Nbd7 10. O-O Ne4 11. Bxe7 Qxe7 12. Qc2 Ndf6 13. f3 Nxc3 14. bxc3 Qxe3+ 15. Kh1 Qg5 16. Rae1 Bd7 17. Ng3 Rfe8 18. Bf5 Bxf5 19. Nxf5 Rad8 20. Ng3 Qf4 21. Qd3 h5 22. Kg1 h4 23. Ne2 Qg5 24. Nc1 Nh5 25. Kf2 Nf4 26. Rg1 Nxd3+ 27. Nxd3 Qd2+ 0-1

[Event "FIDE Olympiad Disabilties 2020"]
[Site "Online"]
[Date "2020.11.21"]
[Round "4.11"]
[White "Solomna, Svitlana"]
[Black "Tsitou, Dzmitry"]
[Result "0-1"]
[WhiteElo "1434"]
[BlackElo "1773"]
[Annotator "NA RC"]
[PlyCount "90"]
[EventDate "2020.11.21"]
[EventType "team-tourn"]
[EventCountry "NET"]
[SourceTitle "playchess.com"]
[Source "ChessBase"]
[SourceQuality "1"]
[WhiteTeam "Ukraine"]
[BlackTeam "Belarus"]
[WhiteTeamCountry "UKR"]
[BlackTeamCountry "BLR"]

1. d4 Nf6 2. Bf4 d5 3. e3 e6 4. Nf3 c5 5. b3 Nc6 6. c3 Be7 7. Bd3 b6 8. O-O Bb7 9. Nbd2 O-O 10. Re1 Nh5 11. Bg3 Nxg3 12. hxg3 f5 13. Kf1 Qc7 14. Ke2 e5 15. dxe5 Nxe5 16. Qc2 Nxd3 17. Qxd3 a5 18. c4 Rad8 19. Qc2 Bf6 20. Rad1 g6 21. Rh1 Rfe8 22. Kf1 Re7 23. Kg1 Red7 24. Kh2 d4 25. exd4 cxd4 26. Rhe1 d3 27. Qc1 Qc5 28. Kg1 Re7 29. Rxe7 Bxe7 30. Re1 Bd6 31. Qc3 Bxg3 32. Rf1 Be4 33. Ng5 Be5 34. Qc1 Qc6 35. f3 Qc5+ 36. Kh1 Bb7 37. Ne6 Qe7 38. f4 Qxe6 39. fxe5 Qxe5 40. Re1 Qg3 41. Nf3 Bxf3 42. gxf3 Qxf3+ 43. Kg1 d2 44. Qxd2 Rxd2 45. Re8+ Kf7 0-1

[Event "FIDE Olympiad Disabilties 2020"]
[Site "Online"]
[Date "2020.11.21"]
[Round "4.12"]
[White "Figueroa Morales, Tomas"]
[Black "Sahin, Handenur"]
[Result "1-0"]
[WhiteElo "2093"]
[BlackElo "1997"]
[Annotator "TA"]
[PlyCount "59"]
[EventDate "2020.11.21"]
[EventType "team-tourn"]
[EventCountry "NET"]
[SourceTitle "playchess.com"]
[Source "ChessBase"]
[SourceQuality "1"]
[WhiteTeam "Chile"]
[BlackTeam "Turkey"]
[WhiteTeamCountry "CHI"]
[BlackTeamCountry "TUR"]

1. d4 d5 2. c4 c6 3. Nc3 Nf6 4. Nf3 dxc4 5. a4 Bf5 6. Ne5 Nbd7 7. Nxc4 Qc7 8. g3 e5 9. dxe5 Nxe5 10. Bf4 Nfd7 11. Bg2 g5 12. Bxe5 Nxe5 13. Qd4 Nxc4 14. Qxh8 O-O-O 15. Qf6 Be6 16. Qxg5 Be7 17. Qh6 Qb6 18. O-O Qxb2 19. Rfc1 Bf8 20. Qxh7 Bc5 21. Rab1 Qa3 22. Bh3 Bxh3 23. Qxh3+ Kb8 24. Qh4 Bxf2+ 25. Kxf2 Qc5+ 26. Kg2 Ne3+ 27. Kh1 Re8 28. Qf4+ Ka8 29. Qxf7 Rb8 30. Nb5 1-0

[Event "FIDE Olympiad Disabilties 2020"]
[Site "Online"]
[Date "2020.11.21"]
[Round "4.12"]
[White "Tapia Loncon, Andres Saul"]
[Black "Sahin, Huseyin"]
[Result "0-1"]
[WhiteElo "1890"]
[BlackElo "1788"]
[Annotator "NA RC"]
[PlyCount "112"]
[EventDate "2020.11.21"]
[EventType "team-tourn"]
[EventCountry "NET"]
[SourceTitle "playchess.com"]
[Source "ChessBase"]
[SourceQuality "1"]
[WhiteTeam "Chile"]
[BlackTeam "Turkey"]
[WhiteTeamCountry "CHI"]
[BlackTeamCountry "TUR"]

1. d4 d5 2. Nf3 e6 3. g3 f5 4. Bg2 Nf6 5. c4 c6 6. Nc3 Bd6 7. Bf4 O-O 8. c5 Bc7 9. Qd2 Ne4 10. Nxe4 fxe4 11. Ne5 Nd7 12. Nxd7 Bxf4 13. gxf4 Bxd7 14. e3 b6 15. b4 a5 16. O-O axb4 17. Qxb4 b5 18. a4 Rb8 19. axb5 Rxb5 20. Qd2 g5 21. f3 exf3 22. Rxf3 gxf4 23. exf4 Qf6 24. Qd3 Be8 25. Bh3 Bg6 26. Qe3 Be4 27. Rg3+ Kh8 28. Ra6 Rb1+ 29. Kf2 Qh4 30. Ke2 Rb2+ 31. Kd1 Rxh2 32. Rxc6 Ra8 33. Qa3 Rh1+ 34. Ke2 Qh5+ 35. Kf2 Rf8 36. Qe3 Qd1 37. Qe2 Rxf4+ 38. Ke3 Qc1+ 39. Qd2 Re1+ 40. Kxf4 Qxd2+ 41. Ke5 Bg6+ 42. Kf6 Qf4+ 43. Bf5 Qxf5+ 44. Ke7 Ra1 45. Rc8+ Kg7 46. Rb3 Ra7+ 47. Kd6 Qf4+ 48. Kc6 Be8+ 49. Kb6 Re7 50. Rb4 e5 51. c6 exd4 52. c7 Qd6+ 53. Ka5 Rxc7 54. Rxe8 Rc5+ 55. Ka4 Qa6+ 56. Kb3 Rc3+ 0-1

[Event "FIDE Olympiad Disabilties 2020"]
[Site "Online"]
[Date "2020.11.21"]
[Round "4.12"]
[White "Saltik, Suleyman"]
[Black "Basualto Penalieres, Pedro"]
[Result "1-0"]
[WhiteElo "1639"]
[BlackElo "2025"]
[Annotator "TA"]
[PlyCount "27"]
[EventDate "2020.11.21"]
[EventType "team-tourn"]
[EventCountry "NET"]
[SourceTitle "playchess.com"]
[Source "ChessBase"]
[SourceQuality "1"]
[WhiteTeam "Turkey"]
[BlackTeam "Chile"]
[WhiteTeamCountry "TUR"]
[BlackTeamCountry "CHI"]

1. b3 e5 2. Bb2 Nc6 3. e3 d5 4. Bb5 Bd6 5. f4 Qe7 6. Nf3 Bg4 7. O-O Nf6 8. fxe5 Bxe5 9. Bxe5 Bxf3 10. Bxf6 Qxf6 11. Qxf3 Qxa1 12. Qxf7+ Kd8 13. Nc3 Qb2 14. Qxd5+ 1-0

[Event "FIDE Olympiad Disabilties 2020"]
[Site "Online"]
[Date "2020.11.21"]
[Round "4.12"]
[White "Demirel, Huseyin"]
[Black "Rozas Lazcano, Valeska"]
[Result "0-1"]
[WhiteElo "1451"]
[BlackElo "1435"]
[Annotator "NA RC"]
[PlyCount "132"]
[EventDate "2020.11.21"]
[EventType "team-tourn"]
[EventCountry "NET"]
[SourceTitle "playchess.com"]
[Source "ChessBase"]
[SourceQuality "1"]
[WhiteTeam "Turkey"]
[BlackTeam "Chile"]
[WhiteTeamCountry "TUR"]
[BlackTeamCountry "CHI"]

1. e4 c5 2. Nf3 e6 3. c3 a6 4. d4 cxd4 5. cxd4 Be7 6. Nc3 d6 7. Bd3 Nd7 8. O-O Ngf6 9. Bc2 b5 10. h3 Bb7 11. a3 Qc7 12. Re1 O-O 13. Qd3 e5 14. b4 Nb6 15. Bg5 Rac8 16. Bd2 Nc4 17. Bc1 Nb6 18. Bb2 Nc4 19. Bc1 Rfd8 20. Ra2 Nb6 21. Bb2 Nc4 22. Ba1 Qd7 23. Nd5 Bxd5 24. exd5 e4 25. Rxe4 Nxe4 26. Qxe4 g6 27. Bd3 Bf6 28. Qf4 Bg7 29. h4 h5 30. g3 Re8 31. Bf1 Qg4 32. Qxg4 hxg4 33. Nd2 Nxd2 34. Rxd2 Re7 35. Kg2 Bh6 36. Rd1 Rc2 37. a4 Rc1 38. Rxc1 Bxc1 39. axb5 axb5 40. Bxb5 Rb7 41. Be2 Rxb4 42. Bxg4 Bb2 43. Bxb2 Rxb2 44. Kf3 f5 45. Bh3 Kg7 46. g4 fxg4+ 47. Bxg4 Kf6 48. Be6 Rd2 49. Ke3 Rb2 50. Bg4 Rb3+ 51. Ke4 Rb1 52. h5 Kg5 53. Be2 Rb2 54. Kf3 gxh5 55. Bf1 Rb8 56. Kg3 Rf8 57. Bg2 h4+ 58. Kh3 Rxf2 59. Bh1 Rd2 60. Bg2 Rxd4 61. Bh1 Rd3+ 62. Kh2 Kg4 63. Be4 Rd2+ 64. Kh1 Kg3 65. Bg2 Rd1+ 66. Bf1 Rxf1# 0-1

[Event "FIDE Olympiad Disabilties 2020"]
[Site "Online"]
[Date "2020.11.21"]
[Round "4.13"]
[White "Morin, Louis"]
[Black "Mrunali Pande"]
[Result "1-0"]
[WhiteElo "1806"]
[BlackElo "1236"]
[Annotator "NA RC"]
[PlyCount "73"]
[EventDate "2020.11.21"]
[EventType "team-tourn"]
[EventCountry "NET"]
[SourceTitle "playchess.com"]
[Source "ChessBase"]
[SourceQuality "1"]
[WhiteTeam "Canada"]
[BlackTeam "India"]
[WhiteTeamCountry "CAN"]
[BlackTeamCountry "IND"]

1. e4 e5 2. Nf3 Nc6 3. Bc4 Bc5 4. Bxf7+ Kxf7 5. Nxe5+ Nxe5 6. Qh5+ Ng6 7. Qd5+ Kf8 8. Qxc5+ d6 9. Qe3 Nf6 10. d3 Kf7 11. O-O Rf8 12. f4 Kg8 13. Nc3 c6 14. Bd2 Ng4 15. Qg3 Qb6+ 16. Kh1 Qxb2 17. Rac1 Nh6 18. f5 Ne5 19. Bxh6 Rf7 20. Bd2 Bd7 21. h3 Qb6 22. Qe3 Qd8 23. Kh2 Qh4 24. Qg3 Qd8 25. Bg5 Qa5 26. d4 Nc4 27. Qd3 b5 28. g4 Re8 29. Rce1 Qc7 30. Bf4 Kh8 31. a4 a6 32. axb5 axb5 33. g5 Rg8 34. Qg3 Qb8 35. g6 Re7 36. Qh4 Rge8 37. Qxh7# 1-0

[Event "FIDE Olympiad Disabilties 2020"]
[Site "Online"]
[Date "2020.11.21"]
[Round "4.13"]
[White "Makwana, Ashvin K"]
[Black "Perez, Gilbert"]
[Result "1-0"]
[WhiteElo "1768"]
[BlackElo "1835"]
[Annotator "NA RC"]
[PlyCount "87"]
[EventDate "2020.11.21"]
[EventType "team-tourn"]
[EventCountry "NET"]
[SourceTitle "playchess.com"]
[Source "ChessBase"]
[SourceQuality "1"]
[WhiteTeam "India"]
[BlackTeam "Canada"]
[WhiteTeamCountry "IND"]
[BlackTeamCountry "CAN"]

1. d4 Nf6 2. Bf4 g6 3. e3 Bg7 4. Nc3 d6 5. h4 h5 6. Nf3 c6 7. Bc4 O-O 8. a4 Bg4 9. Qd3 Qa5 10. O-O Bxf3 11. gxf3 Nbd7 12. Kh1 d5 13. Ba2 Rfe8 14. Rg1 Nf8 15. b4 Qd8 16. Rg2 Qd7 17. Kh2 N6h7 18. Rag1 e5 19. dxe5 Bxe5 20. Bxe5 Rxe5 21. f4 Re7 22. e4 Nf6 23. f3 Rd8 24. e5 N6h7 25. Ne2 Kh8 26. Ng3 Ne6 27. Ne2 Rg8 28. f5 Nef8 29. f4 a6 30. Ng3 Re8 31. Nxh5 Qd8 32. f6 Ne6 33. f5 gxh5 34. fxe6 Rxg2+ 35. Rxg2 Nxf6 36. exf6 Qxf6 37. exf7 Qxh4+ 38. Qh3 Qf4+ 39. Qg3 Qxf7 40. Qc3+ Kh7 41. Qd3+ Re4 42. c4 Qf5 43. Bb1 Qf3 44. Qxf3 1-0

[Event "FIDE Olympiad Disabilties 2020"]
[Site "Online"]
[Date "2020.11.21"]
[Round "4.13"]
[White "Watpade Vivek"]
[Black "Lambert, Pierre-Henry"]
[Result "1-0"]
[WhiteElo "1344"]
[BlackElo "1819"]
[Annotator "NA RC"]
[PlyCount "99"]
[EventDate "2020.11.21"]
[EventType "team-tourn"]
[EventCountry "NET"]
[SourceTitle "playchess.com"]
[Source "ChessBase"]
[SourceQuality "1"]
[WhiteTeam "India"]
[BlackTeam "Belgium"]
[WhiteTeamCountry "IND"]
[BlackTeamCountry "BEL"]

1. e4 c5 2. Nf3 Nc6 3. Bb5 a6 4. Bxc6 dxc6 5. d3 Bg4 6. Nbd2 e5 7. h3 Bxf3 8. Nxf3 Qd6 9. b3 Be7 10. Qd2 Nf6 11. Qg5 O-O 12. Qxe5 Qxe5 13. Nxe5 Bd6 14. Nc4 Bc7 15. Bb2 Nd7 16. Ne3 Rae8 17. Kd2 Ne5 18. f4 Ng6 19. g3 f6 20. a4 Rf7 21. Rag1 Rd7 22. Ke2 b5 23. Kf3 Ne7 24. Ra1 b4 25. Rag1 Ng6 26. Nc4 Rf7 27. h4 Ne5+ 28. fxe5 fxe5+ 29. Ke3 Ref8 30. Rg2 Rf3+ 31. Ke2 R3f7 32. Nxe5 Bxe5 33. Bxe5 Rd7 34. Rf1 Rfd8 35. Rgf2 h6 36. g4 Re8 37. Bh2 c4 38. bxc4 a5 39. Rf5 Ra8 40. Rc5 Ra6 41. Rff5 Rda7 42. Bg1 g6 43. Rf6 Rf7 44. Rxg6+ Kh7 45. Rcxc6 Rxc6 46. Rxc6 Rf4 47. g5 Rxh4 48. Rxh6+ Rxh6 49. gxh6 Kxh6 50. Bb6 1-0

[Event "FIDE Olympiad Disabilties 2020"]
[Site "Online"]
[Date "2020.11.21"]
[Round "4.13"]
[White "Nicole, Chantal"]
[Black "Cheniram, Pegu"]
[Result "0-1"]
[WhiteElo "1169"]
[BlackElo "1695"]
[Annotator "NA RC"]
[PlyCount "42"]
[EventDate "2020.11.21"]
[EventType "team-tourn"]
[EventCountry "NET"]
[SourceTitle "playchess.com"]
[Source "ChessBase"]
[SourceQuality "1"]
[BlackTeam "India"]
[BlackTeamCountry "IND"]

1. c4 Nf6 2. g3 g6 3. Bg2 Bg7 4. Nc3 c6 5. e4 d6 6. Nge2 O-O 7. O-O Nbd7 8. d3 e5 9. Be3 Ng4 10. Qd2 Nxe3 11. Qxe3 Nc5 12. h3 f5 13. f4 Ne6 14. fxe5 dxe5 15. Kh2 f4 16. gxf4 exf4 17. Nxf4 Nxf4 18. Rxf4 Be5 19. Raf1 Rxf4 20. Rxf4 Qf6 21. Ne2 g5 0-1

[Event "FIDE Olympiad Disabilties 2020"]
[Site "Online"]
[Date "2020.11.21"]
[Round "4.14"]
[White "Meshkov, Yuri A."]
[Black "Venkata, Krishna Karthik K"]
[Result "1-0"]
[WhiteElo "2351"]
[BlackElo "1903"]
[Annotator "TA"]
[PlyCount "69"]
[EventDate "2020.11.21"]
[EventType "team-tourn"]
[EventCountry "NET"]
[SourceTitle "playchess.com"]
[Source "ChessBase"]
[SourceQuality "1"]
[WhiteTeam "Russia"]
[BlackTeam "India"]
[WhiteTeamCountry "RUS"]
[BlackTeamCountry "IND"]

1. c4 e5 2. g3 Nc6 3. Bg2 g6 4. Nc3 Bg7 5. Rb1 d6 6. b4 Nd4 7. e3 Ne6 8. Nge2 Ne7 9. d3 O-O 10. O-O f5 11. f4 exf4 12. gxf4 c6 13. Qb3 Kh8 14. d4 Nc7 15. d5 cxd5 16. cxd5 Ne8 17. Rd1 Bd7 18. Nd4 Rc8 19. a4 Qc7 20. Bb2 Qc4 21. Qa3 Nf6 22. Rbc1 Qc7 23. Ncb5 Qb8 24. Ne6 Bxe6 25. dxe6 d5 26. Be5 Rxc1 27. Rxc1 Qd8 28. Nd6 Kg8 29. Nxb7 Qb6 30. Rc7 Qxe6 31. b5 Qb6 32. Rxe7 Nh5 33. Bxd5+ Kh8 34. Rxg7 Nxg7 35. Qxf8# 1-0

[Event "FIDE Olympiad Disabilties 2020"]
[Site "Online"]
[Date "2020.11.21"]
[Round "4.14"]
[White "Patra Subhendu Kumar"]
[Black "Pakhomov, Alexey"]
[Result "0-1"]
[WhiteElo "1783"]
[BlackElo "2315"]
[Annotator "TA"]
[PlyCount "70"]
[EventDate "2020.11.21"]
[EventType "team-tourn"]
[EventCountry "NET"]
[SourceTitle "playchess.com"]
[Source "ChessBase"]
[SourceQuality "1"]
[WhiteTeam "India"]
[BlackTeam "Russia"]
[WhiteTeamCountry "IND"]
[BlackTeamCountry "RUS"]

1. e4 c5 2. Nf3 a6 3. d4 cxd4 4. Nxd4 Nf6 5. Nc3 e5 6. Nf3 Bb4 7. Bd3 d5 8. Nxe5 d4 9. a3 Ba5 10. b4 Bc7 11. Nxf7 Kxf7 12. Nd5 Be6 13. Nxc7 Qxc7 14. f4 Bg4 15. Qd2 Nxe4 16. Bxe4 Re8 17. Qxd4 Qc6 18. O-O Rxe4 19. Qd8 Re8 20. Qg5 Qf6 21. Qd5+ Kf8 22. Rb1 Nc6 23. Bb2 Qf7 24. Qg5 Be2 25. Rf2 Rad8 26. h4 h6 27. Qc5+ Kg8 28. f5 Rd1+ 29. Rxd1 Bxd1 30. f6 g6 31. Qd6 Bg4 32. Qf4 h5 33. Qh6 Ne5 34. Rd2 Nc4 35. Rd7 Bxd7 0-1

[Event "FIDE Olympiad Disabilties 2020"]
[Site "Online"]
[Date "2020.11.21"]
[Round "4.14"]
[White "Soundarya Kumar Pradhan"]
[Black "Klochko, Elizaveta"]
[Result "1-0"]
[WhiteElo "1746"]
[BlackElo "1029"]
[Annotator "NA RC"]
[PlyCount "61"]
[EventDate "2020.11.21"]
[EventType "team-tourn"]
[EventCountry "NET"]
[SourceTitle "playchess.com"]
[Source "ChessBase"]
[SourceQuality "1"]
[WhiteTeam "India"]
[WhiteTeamCountry "IND"]

1. d4 d5 2. c4 dxc4 3. e3 a6 4. Bxc4 b5 5. Bxf7+ Kxf7 6. Qf3+ Ke8 7. Qxa8 Bd7 8. d5 c6 9. Nf3 Nf6 10. e4 Qc7 11. O-O cxd5 12. exd5 Bc8 13. Nc3 Bb7 14. Bf4 Bxa8 15. Bxc7 Nbd7 16. d6 exd6 17. Rfe1+ Kf7 18. Rad1 Bxf3 19. gxf3 Ne8 20. Nd5 Ne5 21. Kg2 h5 22. Bd8 Rh6 23. f4 Ng4 24. Bg5 Rg6 25. h4 Nef6 26. f5 Rxg5 27. hxg5 Nxd5 28. Rxd5 Be7 29. f3 Ne5 30. f4 Ng4 31. Kg3 1-0

[Event "FIDE Olympiad Disabilties 2020"]
[Site "Online"]
[Date "2020.11.21"]
[Round "4.14"]
[White "Ermakov, Maksim"]
[Black "Rathi Himanshi"]
[Result "1-0"]
[WhiteElo "1611"]
[BlackElo "1177"]
[Annotator "NA RC"]
[PlyCount "67"]
[EventDate "2020.11.21"]
[EventType "team-tourn"]
[EventCountry "NET"]
[SourceTitle "playchess.com"]
[Source "ChessBase"]
[SourceQuality "1"]
[WhiteTeam "Russia"]
[BlackTeam "India"]
[WhiteTeamCountry "RUS"]
[BlackTeamCountry "IND"]

1. d4 d5 2. Nf3 Nf6 3. e3 e6 4. c4 Bd6 5. Nbd2 c6 6. Bd3 Nbd7 7. e4 Bb4 8. O-O Bxd2 9. Nxd2 dxc4 10. Nxc4 O-O 11. Bg5 Qc7 12. g3 Re8 13. Bf4 Qd8 14. Nd6 Re7 15. Bd2 e5 16. Bb4 Nf8 17. Nxc8 Rxc8 18. Bxe7 Qxe7 19. dxe5 Qxe5 20. Qb3 b5 21. Rac1 a6 22. Qa3 Ng6 23. Qxa6 Qd6 24. Qxc8+ Nf8 25. Rfd1 h6 26. Bxb5 Qe5 27. Bxc6 Qxb2 28. Bd5 Qe2 29. Qc2 Qh5 30. Qc4 Kh8 31. Bxf7 Qf3 32. Rd8 Ng4 33. Rxf8+ Kh7 34. Bg8+ 1-0

[Event "FIDE Olympiad Disabilties 2020"]
[Site "Online"]
[Date "2020.11.21"]
[Round "4.15"]
[White "Zafirovski, Tode"]
[Black "Aigner, Michael"]
[Result "1/2-1/2"]
[WhiteElo "2138"]
[BlackElo "2006"]
[Annotator "RC"]
[PlyCount "75"]
[EventDate "2020.11.21"]
[EventType "team-tourn"]
[EventCountry "NET"]
[SourceTitle "playchess.com"]
[Source "ChessBase"]
[SourceQuality "1"]
[WhiteTeam "Macedonia"]
[BlackTeam "United States"]
[WhiteTeamCountry "MKD"]
[BlackTeamCountry "USA"]

1. e4 c5 2. f4 d5 3. exd5 Qxd5 4. Nc3 Qd8 5. Bc4 Nf6 6. d3 Nc6 7. Nf3 Bg4 8. Be3 e6 9. O-O a6 10. a3 Be7 11. Qe1 Bxf3 12. Rxf3 Nd4 13. Bxd4 Qxd4+ 14. Kh1 O-O 15. Rb1 b5 16. Ba2 Rad8 17. Ne2 Qd7 18. Ng3 Bd6 19. Rd1 Bb8 20. c3 g6 21. Qf2 Qc7 22. Ne2 Nd5 23. Bxd5 Rxd5 24. Ng3 f5 25. Qe2 e5 26. fxe5 Rxe5 27. Qf2 Rfe8 28. d4 cxd4 29. Qxd4 Ba7 30. Qd3 Re1+ 31. Rf1 Rxf1+ 32. Nxf1 Qc5 33. Ng3 Re7 34. Ne2 Qe5 35. Ng1 Bxg1 36. Rxg1 Qe2 37. Qd8+ Kg7 38. Qd4+ 1/2-1/2

[Event "FIDE Olympiad Disabilties 2020"]
[Site "Online"]
[Date "2020.11.21"]
[Round "4.15"]
[White "McConnell, Griffin"]
[Black "Trkaljanov, Vladimir"]
[Result "1-0"]
[WhiteElo "1823"]
[BlackElo "2096"]
[Annotator "TA"]
[PlyCount "87"]
[EventDate "2020.11.21"]
[EventType "team-tourn"]
[EventCountry "NET"]
[SourceTitle "playchess.com"]
[Source "ChessBase"]
[SourceQuality "1"]
[WhiteTeam "United States"]
[BlackTeam "Macedonia"]
[WhiteTeamCountry "USA"]
[BlackTeamCountry "MKD"]

1. e4 e5 2. Nf3 Nc6 3. d4 exd4 4. Nxd4 Qh4 5. Nc3 Bb4 6. Be2 Qxe4 7. Ndb5 Kd8 8. O-O Bxc3 9. bxc3 Nge7 10. Re1 Qd5 11. Bd3 a6 12. c4 Qc5 13. Be3 Qe5 14. Bb6 axb5 15. Rxe5 Nxe5 16. Bd4 Nxd3 17. Qxd3 bxc4 18. Qxc4 d5 19. Qb3 f6 20. Re1 Ra5 21. Rxe7 Kxe7 22. Qb4+ c5 23. Bxc5+ Rxc5 24. Qxc5+ Ke6 25. Qc7 Bd7 26. Qxb7 Rc8 27. Qb3 Rc4 28. c3 Bc6 29. f3 h5 30. Kf2 Kf7 31. Ke3 Kg6 32. g3 Ba4 33. Qb1+ Kh6 34. Kd3 Bc6 35. Qc1+ Kg6 36. h4 Bb5 37. Kd2 Bc6 38. Qb1+ Kh6 39. Qb6 Kg6 40. g4 Kh6 41. gxh5 Kxh5 42. Qc7 Kg6 43. h5+ Kh7 44. Qc8 1-0

[Event "FIDE Olympiad Disabilties 2020"]
[Site "Online"]
[Date "2020.11.21"]
[Round "4.16"]
[White "Olivera Gutierrez, Albert"]
[Black "Marimuthu K"]
[Result "0-1"]
[WhiteElo "2097"]
[BlackElo "1588"]
[Annotator "TA"]
[PlyCount "80"]
[EventDate "2020.11.21"]
[EventType "team-tourn"]
[EventCountry "NET"]
[SourceTitle "playchess.com"]
[Source "ChessBase"]
[SourceQuality "1"]
[WhiteTeam "Spain"]
[BlackTeam "India"]
[WhiteTeamCountry "ESP"]
[BlackTeamCountry "IND"]

1. Nf3 Nf6 2. b3 g6 3. Bb2 Bg7 4. g3 d5 5. c4 c6 6. Bg2 O-O 7. O-O Nbd7 8. d4 dxc4 9. bxc4 Nb6 10. Nbd2 Bg4 11. Ne5 Be6 12. e4 Nfd7 13. Nxd7 Qxd7 14. d5 Bxb2 15. dxe6 fxe6 16. Rb1 Bd4 17. Qc2 c5 18. e5 Bxe5 19. Ne4 Bd4 20. Bh3 Qc6 21. Ng5 e5 22. a4 Rab8 23. a5 Nc8 24. Be6+ Kh8 25. Bd5 Qf6 26. Ne6 Re8 27. Nc7 Rd8 28. Ne6 Rd6 29. Qe4 Rxe6 30. Bxe6 Qxe6 31. Rxb7 Rxb7 32. Qxb7 Nd6 33. Qxa7 Nxc4 34. Qa8+ Kg7 35. a6 Qf6 36. a7 Nd2 37. Qg2 Nf3+ 38. Kh1 Qc6 39. Rb1 c4 40. Ra1 Bxa1 0-1